Mario Kart Wii CTGP Tracks - Statistics

General Stats
  • This quiz has been taken 28 times
  • The average score is 41 of 218
Answer Stats
Track % Correct
GBA Rainbow Road
61%
N64 Rainbow Road
61%
Rainbow Road Solar Edition
61%
SNES Rainbow Road
61%
DS Mario Circuit
57%
GBA Mario Circuit
57%
DS Bowser Castle
52%
GCN Bowser's Castle
52%
DS Luigi's Mansion
48%
GBA Luigi Circuit
48%
GCN Luigi Circuit
48%
Mushroom Peaks
43%
GBA Peach Circuit
39%
N64 Banshee Boardwalk
35%
DS Airship Fortress
30%
DS Waluigi Pinball
30%
DS Wario Stadium
30%
GBA Cheese Land
30%
GCN Baby Park
30%
N64 Wario Stadium
30%
Abyssal Ruins
26%
ASDF_Course
26%
DS DK Pass
26%
DS Figure-8 Circuit
26%
DS Shroom Ridge
26%
GBA Riverside Park
26%
GBA Snow Land
26%
GCN Sherbet Land
26%
GCN Wario Colosseum
26%
Glimmer Express Trains
26%
Melting Magma Melee
26%
N64 Choco Mountain
26%
N64 Luigi Raceway
26%
Wolf Castlegrounds
26%
Abandoned Boardwalk
22%
Autumn Leavesway
22%
Boshi Skatepark
22%
Candy Coaster
22%
Daisy's Palace
22%
Delfino Island
22%
Desktop Dash
22%
DS Cheep Cheep Beach
22%
DS Tick-Tock Clock
22%
Final Grounds
22%
GBA Broken Pier
22%
GBA Lakeside Park
22%
GBA Ribbon Road
22%
GBA Sky Garden
22%
GBA Sunset Wilds
22%
GCN Daisy Cruiser
22%
GCN Mushroom Bridge
22%
Haunted Gardens
22%
Heart of China
22%
Honeybee Hideout
22%
Incendia Castle
22%
Jungle Jamble
22%
Lava Lake
22%
Lava Road
22%
Lunar Lights
22%
Mansion of Madness
22%
Mushroom Island
22%
N64 Frappe Snowland
22%
N64 Kalimari Desert
22%
N64 Koopa Troopa Beach
22%
N64 Royal Raceway
22%
N64 Toad's Turnpike
22%
Rezway
22%
Six King Labyrinth
22%
SNES Bowser Castle 1
22%
SNES Bowser Castle 2
22%
SNES Bowser Castle 3
22%
SNES Choco Island 2
22%
Spike Desert
22%
Thwomp Swamp
22%
Twin Peaks
22%
Unnamed Valley
22%
Yoshi Lagoon
22%
Alpine Peak
17%
Aquadrom Stage
17%
Aquania
17%
Canyon Run
17%
Castle of Darkness
17%
Castle of Time
17%
Dawn Township
17%
Desert Fort
17%
Dragonite's Island
17%
Fungal Jungle
17%
GBA Bowser Castle 1
17%
GBA Bowser Castle 2
17%
GBA Bowser Castle 4
17%
GCN Dry Dry Desert
17%
GCN Mushroom City
17%
Halogen Highway
17%
Item Fireland
17%
Jiyuu Village
17%
Jungle Ruins
17%
Luigi's Island
17%
Pipe Underworld
17%
Piranha Plant Pipeline
17%
Sahara Hideout
17%
Siberian Chateau
17%
SNES Donut Plains 2
17%
SNES Donut Plains 3
17%
SNES Ghost Valley 1
17%
SNES Koopa Beach 2
17%
SNES Mario Circuit 1
17%
SNES Mario Circuit 2
17%
Star Slope
17%
Sunset Ridge
17%
The Rabbit Hole
17%
Toad Raceway
17%
White Garden
17%
Wuhu Island
17%
Yoshi's Woolly Raceway
17%
Athletic Raceway
13%
Aura Metropolis
13%
Big Express City
13%
Big Nature City
13%
Calidae Desert
13%
Camp Kartigan
13%
Cave Island
13%
Celestial Ruins
13%
Cherry Blossom Garden
13%
Christmas Court
13%
Coin Heaven
13%
Colour Circuit
13%
Comet Starway
13%
Concord Town
13%
Cookie Village
13%
Crystal Dungeon
13%
Crystal Plains
13%
Daisy Hillside
13%
Desert Castle Raceway
13%
Desert Mushroom Ruins
13%
DK Ruins
13%
Dragon Burial Grounds
13%
Dreamworld Cloudway
13%
Festival Town
13%
Fishdom Island
13%
Flowery Greenhouse
13%
Flying Kingdom
13%
Forest Creek
13%
Garden of Dreams
13%
GBA Cheep Cheep Island
13%
Gothic Castle
13%
GP Mario Beach
13%
Headlong Skyway
13%
Hellado Mountain
13%
Infernal Pipeyard
13%
Jungle Cliff
13%
Kartwood Creek
13%
Lunar Spaceway
13%
Marble Towers
13%
Mario Castle Raceway
13%
Melody Sanctum
13%
Misty Ruins
13%
Mushroom Valley
13%
Neo Koopa City
13%
New Moon Manor
13%
Nightlife Party
13%
Nivurbia
13%
Pianta Shore
13%
Quaking Mad Cliffs
13%
Rock Rock Ridge
13%
Rosalina's Snow World
13%
Rush City Run
13%
Sakura Sanctuary
13%
Sea Stadium
13%
Secluded Island
13%
Shy Guy's Market
13%
Sky Grove
13%
Sky High Island
13%
Skyline Avenue
13%
Sky Shrine
13%
Slot Circuit
13%
Spectral Station
13%
Stargaze Summit
13%
Sunset Circuit
13%
Sunset Forest
13%
Suzuka Circuit
13%
Tropical Factory
13%
Undiscovered Offlimit
13%
Unfinished Mario Circuit
13%
Volcanic Valley
13%
Wetland Woods
13%
Windy Whirl
13%
Wuhu Mountain
13%
Bowser's Fiery Fortress
9%
Colour Wonderland
9%
Cool Castle Canyon
9%
CTR Blizzard Bluff
9%
CTR Cortex Castle
9%
CTR N. Gin Labs
9%
Dark Matter Fortress
9%
Dark Matter Shrine
9%
DKR Star City
9%
GCN Rainbow Road
9%
GCN Yoshi Circuit
9%
Icepeak Mountain
9%
Jungle Glade
9%
Kinoko Cave
9%
Koopa Shell Pipeland
9%
Lost Fortress
9%
Luncheon Tour
9%
Magmatic Sanctuary
9%
Medieval Castlegrounds
9%
Musical Cliff
9%
Pinewood Path
9%
SADX Twinkle Circuit
9%
Saltwater Lake
9%
Sarasa Kingdom
9%
Sinister Vault
9%
Summer Starville
9%
Underground Sky
9%
Volcano Canyon
9%
Waluigi's Motocross
9%
Warp Pipe Island
9%
Windmill Village
9%
No matching quizzes found
Score Distribution
Percent of People with Each Score
Percentile by Number Answered
Your Score History
You have not taken this quiz